| 000 | 00364nam a22001457a 4500 | ||
|---|---|---|---|
| 020 | _a9788171640942 | ||
| 082 |
_a631.3068 _bSUR/FA |
||
| 100 | _aSurendra Singh | ||
| 245 | _aFarm machinery maintenance and management | ||
| 250 | _a1 | ||
| 260 |
_aNew Delhi _bIndian Council of Agricultural Research _c2009 |
||
| 300 | _a214 | ||
| 700 | _aVerma, S.R | ||
| 942 | _cBK | ||
| 999 |
_c13627 _d13627 |
||